Wars of the 21st century : (Record no. 184294)

000 -LEADER
fixed length control field 01482 a2200301 4500
003 - CONTROL NUMBER IDENTIFIER
control field Nust
005 - DATE AND TIME OF LATEST TRANSACTION
control field 20230222094759.0
010 ## - LIBRARY OF CONGRESS CONTROL NUMBER
LC control number 2003113380
020 ## - INTERNATIONAL STANDARD BOOK NUMBER
International Standard Book Number 1876175966
035 ## - SYSTEM CONTROL NUMBER
System control number (OCoLC)ocm54544585
040 ## - CATALOGING SOURCE
Transcribing agency Nust
082 ## - DEWEY DECIMAL CLASSIFICATION NUMBER
Classification number 327.1
100 1# - MAIN ENTRY--PERSONAL NAME
Personal name Ramonet, Ignacio.
9 (RLIN) 109412
245 10 - TITLE STATEMENT
Title Wars of the 21st century :
Remainder of title new threats, new fears /
Statement of responsibility, etc. Ignacio Ramonet ; translated by Julie Flanagan.
246 3# - VARYING FORM OF TITLE
Title proper/short title Wars of the twenty-first century
260 ## - PUBLICATION, DISTRIBUTION, ETC.
Place of publication, distribution, etc. Melbourne ;
-- New York :
Name of publisher, distributor, etc. Ocean Press,
Date of publication, distribution, etc. c2004.
300 ## - PHYSICAL DESCRIPTION
Extent 181 p. ;
Dimensions 22 cm.
505 ## - FORMATTED CONTENTS NOTE
Formatted contents note The New Face of the World (Page-1), September 11 2001 (Page-32), The Middle East (Page-53), Globalization Antiglibization Planetary Social War (Page-73), The Kosovo War and the New World War (Page-92), The Ecosystems In Danger New Threats New Fears (Page-114), The Empire Against Iraq (Page-137), Another World is Possible (Page-161).
650 #0 - SUBJECT ADDED ENTRY--TOPICAL TERM
Topical term or geographic name entry element Geopolitics
General subdivision Forecasting.
9 (RLIN) 109413
650 #0 - SUBJECT ADDED ENTRY--TOPICAL TERM
Topical term or geographic name entry element Globalization
General subdivision Forecasting.
9 (RLIN) 10371
650 #0 - SUBJECT ADDED ENTRY--TOPICAL TERM
Topical term or geographic name entry element Terrorism
General subdivision Forecasting.
9 (RLIN) 109414
650 #0 - SUBJECT ADDED ENTRY--TOPICAL TERM
Topical term or geographic name entry element Twenty-first century
650 #0 - SUBJECT ADDED ENTRY--TOPICAL TERM
Topical term or geographic name entry element World politics
Chronological subdivision 21st century
General subdivision Forecasting.
9 (RLIN) 7498
856 41 - ELECTRONIC LOCATION AND ACCESS
Materials specified Contributor biographical information
Uniform Resource Identifier <a href="http://www.loc.gov/catdir/enhancements/fy1007/2003113380-b.html">http://www.loc.gov/catdir/enhancements/fy1007/2003113380-b.html</a>
856 41 - ELECTRONIC LOCATION AND ACCESS
Materials specified Publisher description
Uniform Resource Identifier <a href="http://www.loc.gov/catdir/enhancements/fy0615/2003113380-d.html">http://www.loc.gov/catdir/enhancements/fy0615/2003113380-d.html</a>
856 41 - ELECTRONIC LOCATION AND ACCESS
Materials specified Table of contents only
Uniform Resource Identifier <a href="http://www.loc.gov/catdir/toc/fy054/2003113380.html">http://www.loc.gov/catdir/toc/fy054/2003113380.html</a>
942 ## - ADDED ENTRY ELEMENTS (KOHA)
Source of classification or shelving scheme
Koha item type Book
Holdings
Withdrawn status Lost status Source of classification or shelving scheme Damaged status Not for loan Permanent Location Current Location Shelving location Date acquired Full call number Barcode Date last seen Price effective from Koha item type Public note
          Military College of Signals (MCS) Military College of Signals (MCS) General Stacks 12/12/2016 327.1,RAM MCS30674 12/08/2016 12/12/2016 Book Almirah No.50, Shelf No.1
© 2023 Central Library, National University of Sciences and Technology. All Rights Reserved.